Role reversal (Record no. 72699)

MARC details
000 -LEADER
fixed length control field 01150cam a2200241 4500
001 - CONTROL NUMBER
control field ABS66709
008 - FIXED-LENGTH DATA ELEMENTS--GENERAL INFORMATION
fixed length control field 030520n2003 000 0 eng u
035 ## - SYSTEM CONTROL NUMBER
System control number (Sirsi) u122333
100 ## - MAIN ENTRY--PERSONAL NAME
Personal name Heller, A.
245 ## - TITLE STATEMENT
Title Role reversal
260 ## - PUBLICATION, DISTRIBUTION, ETC.
Date of publication, distribution, etc. 2003
490 ## - SERIES STATEMENT
Series statement House Builder
Volume/sequential designation 62(4)May 2003, 24-26(3)
520 ## - SUMMARY, ETC.
Summary, etc. Considers the concept of mixed communities as envisioned by the Communities Plan at the growing crossover partnerships between private developers and Registered Social Landlords (RSLs), where in some instances RSLs are building homes for sale themselves. Considers the relative merits of RSLs developing private for sales arms and pursuing a PPP approach. Concludes that house builders should not see this trend as a threat to exclude private house builders from developments such as the Thames Gateway but as a positive partnering opportunity.
590 ## - LOCAL NOTE (RLIN)
Local note ABS
650 ## - SUBJECT ADDED ENTRY--TOPICAL TERM
Topical term or geographic name entry element REGISTERED SOCIAL LANDLORDS
650 ## - SUBJECT ADDED ENTRY--TOPICAL TERM
Topical term or geographic name entry element PUBLIC PRIVATE PARTNERSHIPS
650 ## - SUBJECT ADDED ENTRY--TOPICAL TERM
Topical term or geographic name entry element MIXED-DEVELOPMENT
650 ## - SUBJECT ADDED ENTRY--TOPICAL TERM
Topical term or geographic name entry element THAMES GATEWAY
650 ## - SUBJECT ADDED ENTRY--TOPICAL TERM
Topical term or geographic name entry element HOUSE BUILDERS
650 ## - SUBJECT ADDED ENTRY--TOPICAL TERM
Topical term or geographic name entry element HOUSING ASSOCIATIONS
690 ## - LOCAL SUBJECT ADDED ENTRY--TOPICAL TERM (OCLC, RLIN)
Topical term or geographic name as entry element HOUSING-DEVELOPMENT
942 ## - ADDED ENTRY ELEMENTS (KOHA)
Suppress in OPAC 0
Holdings
Withdrawn status Lost status Source of classification or shelving scheme Damaged status Not for loan Home library Current library Shelving location Date acquired Total Checkouts Full call number Barcode Date last seen Copy number Price effective from Koha item type
    Dewey Decimal Classification     London London Journal article 20/05/2003   ABS66709 122333-1001 06/08/2019 1 06/08/2019 Journal article